000 00382nam a2200157Ia 4500
005 20240905120341.0
008 240806s9999||||xx |||||||||||||| ||eng||
041 _aeng
082 _a891.433
_bMUKB
100 _aAashutosh Mukherjee
245 0 _aBemishal /
_cAashutosh Mukherjee
260 _bNational Publishing House New Delhi
300 _a0
650 _aHindi
942 _cBK
999 _c16829
_d16829